[Event "4NCL/Div1/GUI2 vs. BET"]
[Site "Nottingham ENG"]
[Date "2005.01.23"]
[Round "6.5"]
[White "Cooksey, Paul S"]
[Black "Ledger, Andrew J"]
[Result "0-1"]
[WhiteElo "2248"]
[BlackElo "2450"]
[PlyCount "72"]
[EventDate "2005.01.23"]
[SourceDate "2004.09.21"]

1. d4 Nf6 2. Bg5 d5 3. e3 Ne4 4. Bf4 c5 5. Bd3 Qb6 6. Bxe4 dxe4 7. Nc3 Qxb2 8.
Nge2 Qb4 9. Rb1 Qc4 10. O-O Na6 11. Nxe4 b6 12. Nd2 Qa4 13. Nc3 Qd7 14. d5 g6
15. Be5 f6 16. Bg3 Bg7 17. e4 O-O 18. f4 e6 19. Nc4 Nb4 20. a3 Ba6 21. axb4
Bxc4 22. bxc5 bxc5 23. Re1 f5 24. e5 exd5 25. Ra1 d4 26. Na4 Qb5 27. Qc1 Rfc8
28. Qa3 Rab8 29. h4 Bf8 30. h5 Bd5 31. Bf2 Rc6 32. c3 gxh5 33. cxd4 Rg6 34. g3
cxd4 35. Qc1 Qd3 36. Qd1 Rxg3+ 0-1

[Event "4NCL/Div1/GUI2 vs. BET"]
[Site "Nottingham ENG"]
[Date "2005.01.23"]
[Round "6.6"]
[White "Duncan, Christopher R"]
[Black "Thompson, Ian D"]
[Result "1/2-1/2"]
[WhiteElo "2332"]
[BlackElo "2256"]
[PlyCount "39"]
[EventDate "2005.01.23"]
[SourceDate "2004.09.21"]

1. Nf3 Nf6 2. c4 e6 3. Nc3 d5 4. d4 c6 5. Bg5 h6 6. Bh4 dxc4 7. e4 g5 8. Bg3 b5
9. Be2 Bb7 10. h4 g4 11. Ne5 h5 12. O-O Bh6 13. Kh2 Nbd7 14. f3 Nxe5 15. dxe5
Nd7 16. fxg4 hxg4 17. Bxg4 Bg7 18. Rxf7 Bxe5 19. Bh5 Bxg3+ 20. Kxg3 1/2-1/2

[Event "4NCL/Div1/GUI2 vs. BET"]
[Site "Nottingham ENG"]
[Date "2005.01.23"]
[Round "6.7"]
[White "Jackson, Adrian"]
[Black "Ledger, Stephen C"]
[Result "1-0"]
[WhiteElo "2226"]
[BlackElo "2170"]
[PlyCount "105"]
[EventDate "2005.01.23"]
[SourceDate "2004.09.21"]

1. e4 c5 2. Nf3 Nc6 3. d4 cxd4 4. Nxd4 e5 5. Nb5 a6 6. Nd6+ Bxd6 7. Qxd6 Qf6 8.
Qc7 Nge7 9. Nc3 Nb4 10. Bd3 d5 11. exd5 Nexd5 12. Nxd5 Nxd5 13. Qa5 Be6 14.
Bb5+ Kf8 15. O-O Qd8 16. Qa3+ Qe7 17. Qxe7+ Kxe7 18. Bd3 f5 19. Bd2 e4 20. Be2
Rac8 21. c4 Nf6 22. b3 Rhd8 23. Rfd1 Kf7 24. g3 h6 25. Ba5 Rd7 26. Rxd7+ Nxd7
27. Rd1 Ne5 28. Bc3 Nc6 29. f3 exf3 30. Bxf3 Rd8 31. Rxd8 Nxd8 32. Kf2 g6 33.
Ke3 Bd7 34. Kd4 Ne6+ 35. Ke5 Nd8 36. Kd6 Ke8 37. Kc7 Bc6 38. Bxc6+ bxc6 39. Bf6
Ne6+ 40. Kxc6 g5 41. Kd6 Kf7 42. Bc3 f4 43. gxf4 gxf4 44. c5 f3 45. Be1 Kf6 46.
c6 Kf5 47. c7 Nxc7 48. Kxc7 Ke4 49. Kb6 Kd3 50. Kxa6 Ke2 51. Bh4 f2 52. Bxf2
Kxf2 53. b4 1-0

[Event "4NCL/Div1/GUI2 vs. BET"]
[Site "Nottingham ENG"]
[Date "2005.01.23"]
[Round "6.8"]
[White "Tidman, Sophie"]
[Black "Yurenok, Maria S"]
[Result "1/2-1/2"]
[WhiteElo "2127"]
[BlackElo "2078"]
[PlyCount "120"]
[EventDate "2005.01.23"]
[SourceDate "2004.09.21"]

1. e4 c5 2. Nf3 e6 3. Nc3 Nc6 4. d4 cxd4 5. Nxd4 Qc7 6. Be3 a6 7. Bd3 Nf6 8.
O-O Be7 9. Kh1 O-O 10. f4 d6 11. Qe2 Bd7 12. Rae1 Rac8 13. Bg1 Nxd4 14. Bxd4 e5
15. Nd5 Nxd5 16. exd5 exd4 17. Qe4 f5 18. Qxe7 Rce8 19. Qg5 Re3 20. Rxe3 dxe3
21. Re1 Qd8 22. Qxd8 Rxd8 23. Rxe3 Kf7 24. Kg1 Rc8 25. c4 b5 26. b3 b4 27. Re2
a5 28. Kf2 g6 29. Ke3 Kf6 30. Kd4 h6 31. Rc2 Rc5 32. a3 bxa3 33. Ra2 g5 34.
fxg5+ hxg5 35. Rxa3 Kf7 36. b4 axb4 37. Ra7 Ke8 38. Rb7 b3 39. Rxb3 Rc7 40. Be2
Kf7 41. Bh5+ Kf6 42. Rb8 Bc8 43. Be8 Bd7 44. Bxd7 Rxd7 45. Rb6 Kf7 46. c5 dxc5+
47. Kxc5 Ra7 48. Rb2 Ke7 49. Re2+ Kd7 50. Re5 Ra2 51. Rxf5 Rc2+ 52. Kd4 Rxg2
53. Rf7+ Kd6 54. Rf6+ Kd7 55. Rh6 g4 56. Ke5 Re2+ 57. Kf4 Rd2 58. Rh5 Kd6 59.
Kxg4 Rd4+ 60. Kf3 Rxd5 1/2-1/2

[Event "4NCL/Div1/GUI1 vs. NWE1"]
[Site "Nottingham ENG"]
[Date "2005.01.23"]
[Round "6.1"]
[White "Rowson, Jonathan"]
[Black "Trent, Lawrence"]
[Result "1-0"]
[WhiteElo "2572"]
[BlackElo "2387"]
[PlyCount "79"]
[EventDate "2005.01.23"]
[SourceDate "2004.09.21"]

1. d4 Nf6 2. c4 g6 3. Nc3 Bg7 4. e4 d6 5. f3 O-O 6. Be3 Nbd7 7. Nh3 a6 8. Nf2
c5 9. Be2 Qa5 10. O-O cxd4 11. Bxd4 Qg5 12. Nh3 Qh6 13. f4 Nc5 14. Ng5 Nfd7 15.
Nd5 e6 16. Ne7+ Kh8 17. b4 f6 18. Nxh7 Kxh7 19. bxc5 e5 20. Rf3 exd4 21. Rh3
Nxc5 22. Rxh6+ Bxh6 23. Bh5 Bxf4 24. Bxg6+ Kg7 25. Bf5 Kf7 26. Nxc8 Raxc8 27.
Bxc8 Be3+ 28. Kh1 Rxc8 29. Qh5+ Ke7 30. Qh7+ Kd8 31. Rf1 Nd7 32. Rf3 b5 33.
Qg8+ Kc7 34. Qe6 bxc4 35. Qxc4+ Nc5 36. Rxf6 d3 37. e5 d2 38. exd6+ Kb7 39.
Rf7+ Ka8 40. Qd5+ 1-0

[Event "4NCL/Div1/GUI1 vs. NWE1"]
[Site "Nottingham ENG"]
[Date "2005.01.23"]
[Round "6.2"]
[White "Hanley, Craig A"]
[Black "Hebden, Mark L"]
[Result "0-1"]
[WhiteElo "2397"]
[BlackElo "2521"]
[PlyCount "84"]
[EventDate "2005.01.23"]
[SourceDate "2004.09.21"]

1. d4 Nf6 2. c4 g6 3. Nf3 Bg7 4. Nc3 O-O 5. g3 d6 6. Bg2 Nc6 7. O-O Rb8 8. b3
Bg4 9. h3 Bxf3 10. Bxf3 Nd7 11. Be3 e5 12. d5 Nd4 13. Bg2 c5 14. dxc6 bxc6 15.
Bc1 Nc5 16. Bb2 Qc7 17. e3 Nde6 18. Ne4 Nb7 19. Qd2 f5 20. Nc3 Nbc5 21. Rfd1
Rfd8 22. Rab1 e4 23. Ne2 Nd3 24. Bxg7 Qxg7 25. Qc3 d5 26. Qxg7+ Kxg7 27. cxd5
cxd5 28. Rd2 Rbc8 29. Nf4 Ndxf4 30. gxf4 d4 31. Rbd1 d3 32. f3 Nxf4 33. fxe4
Nxg2 34. Rxd3 Rxd3 35. Rxd3 Rc2 36. Rd7+ Kf6 37. Rxa7 Nxe3 38. a4 f4 39. e5+
Kxe5 40. Rxh7 f3 41. Rf7 Ke4 42. a5 Nf5 0-1

[Event "4NCL/Div1/GUI1 vs. NWE1"]
[Site "Nottingham ENG"]
[Date "2005.01.23"]
[Round "6.3"]
[White "Gallagher, Joseph G"]
[Black "Kennaugh, Charles W"]
[Result "1/2-1/2"]
[WhiteElo "2532"]
[BlackElo "2281"]
[PlyCount "59"]
[EventDate "2005.01.23"]
[SourceDate "2004.09.21"]

1. e4 e5 2. Nf3 Nc6 3. Nc3 Nf6 4. Bb5 Bb4 5. O-O O-O 6. d3 d6 7. Bg5 Bxc3 8.
bxc3 Qe7 9. Re1 h6 10. Bh4 g5 11. Bg3 g4 12. Nh4 Nh5 13. d4 Qg5 14. Bxc6 bxc6
15. Rb1 Be6 16. Rb7 Rfc8 17. Qd3 a5 18. Nf5 Nf4 19. Bxf4 exf4 20. h4 gxh3 21.
Qxh3 Kh7 22. a3 a4 23. Qh4 Rab8 24. Qxg5 hxg5 25. Reb1 Rxb7 26. Rxb7 Bxf5 27.
exf5 Kg7 28. g4 fxg3 29. fxg3 g4 30. Rb4 1/2-1/2

[Event "4NCL/Div1/GUI1 vs. NWE1"]
[Site "Nottingham ENG"]
[Date "2005.01.23"]
[Round "6.4"]
[White "Littlewood, John E"]
[Black "King, Daniel J"]
[Result "0-1"]
[WhiteElo "2308"]
[BlackElo "2517"]
[PlyCount "74"]
[EventDate "2005.01.23"]
[SourceDate "2004.09.21"]

1. e4 c5 2. Nf3 d6 3. d4 cxd4 4. Nxd4 Nf6 5. Nc3 a6 6. a3 g6 7. Be2 Bg7 8. O-O
O-O 9. Bg5 Nc6 10. Nb3 Be6 11. f4 b5 12. Bf3 Rc8 13. Nd5 Nd7 14. c3 Nb6 15. Qe2
Re8 16. Rad1 Nc4 17. Qf2 a5 18. Kh1 b4 19. axb4 axb4 20. e5 bxc3 21. bxc3 Rb8
22. exd6 Nxd6 23. Nc5 Bxd5 24. Bxd5 Qb6 25. Rfe1 Rbc8 26. f5 Ne5 27. Rxe5 Bxe5
28. Be3 Qc7 29. Ba2 Rf8 30. fxg6 hxg6 31. Rd5 Nf5 32. Bd2 e6 33. Na6 Qb7 34.
Rxe5 Qxa6 35. Be1 Ra8 36. Re2 Rfd8 37. g4 Ng7 $138 {Time.} 0-1

[Event "4NCL/Div1/GUI1 vs. NWE1"]
[Site "Nottingham ENG"]
[Date "2005.01.23"]
[Round "6.5"]
[White "Kosten, Anthony C"]
[Black "van der Linden, Lukas"]
[Result "1-0"]
[WhiteElo "2527"]
[BlackElo "2263"]
[PlyCount "73"]
[EventDate "2005.01.23"]
[SourceDate "2004.09.21"]

1. c4 Nf6 2. Nc3 c5 3. g3 e6 4. Nf3 b6 5. e4 Bb7 6. d3 d6 7. Bg2 Be7 8. O-O
Nbd7 9. Ne1 Ne5 10. f4 Nc6 11. Be3 O-O 12. Nc2 a6 13. g4 Re8 14. g5 Nd7 15. h4
Bf8 16. Qd2 Rb8 17. a4 g6 18. Rab1 f5 19. exf5 exf5 20. Bd5+ Kh8 21. h5 gxh5
22. Qg2 Qc8 23. Rbe1 Ne7 24. Bxb7 Qxb7 25. Qh3 Bg7 26. Qxh5 Nf8 27. Bd2 Qd7 28.
Ne3 Nfg6 29. Re2 Nc6 30. Rh2 Nf8 31. Ncd5 Nd4 32. Bc3 Rb7 33. Kh1 Qe6 34. Bxd4
Bxd4 35. Nxf5 Rd8 36. Nxd4 cxd4 37. f5 1-0

[Event "4NCL/Div1/GUI1 vs. NWE1"]
[Site "Nottingham ENG"]
[Date "2005.01.23"]
[Round "6.6"]
[White "Hague, Ben"]
[Black "Plaskett, James"]
[Result "1-0"]
[WhiteElo "2264"]
[BlackElo "2490"]
[PlyCount "73"]
[EventDate "2005.01.23"]
[SourceDate "2004.09.21"]

1. e4 c5 2. d4 cxd4 3. c3 dxc3 4. Nxc3 Nc6 5. Nf3 e6 6. Bc4 d6 7. O-O Nf6 8.
Qe2 Qc7 9. Rd1 Be7 10. Bf4 a6 11. e5 Nh5 12. Bg5 dxe5 13. Bxe7 Nf4 14. Qe4 Kxe7
15. g3 Ng6 16. h4 f5 17. Qe3 e4 18. Qc5+ Ke8 19. Nd4 Qe5 20. Qb6 Nge7 21. Nce2
Kf7 22. f4 Qa5 23. Qb3 Nd8 24. Rac1 Re8 25. Kh2 Nec6 26. g4 Nxd4 27. Nxd4 Kf8
28. gxf5 exf5 29. Bg8 h6 30. Bh7 Ke7 31. Rxc8 Rxc8 32. Nxf5+ Kf6 33. Qg3 Qxf5
34. Bxf5 Kxf5 35. Qh3+ Kf6 36. Qxc8 e3 37. Rxd8 1-0

[Event "4NCL/Div1/GUI1 vs. NWE1"]
[Site "Nottingham ENG"]
[Date "2005.01.23"]
[Round "6.7"]
[White "Cherniaev, Alexander"]
[Black "Coates, Kenneth G"]
[Result "1-0"]
[WhiteElo "2509"]
[BlackElo "2197"]
[PlyCount "71"]
[EventDate "2005.01.23"]
[SourceDate "2004.09.21"]

1. e4 c5 2. c3 Nf6 3. d3 e5 4. f4 d6 5. Nf3 Nc6 6. Na3 Qc7 7. fxe5 dxe5 8. Be2
Be7 9. O-O O-O 10. Kh1 a6 11. Nc4 Be6 12. Ne3 Rad8 13. Ng5 c4 14. Nxe6 fxe6 15.
Qc2 cxd3 16. Bxd3 Nh5 17. g3 Rxf1+ 18. Nxf1 Qd7 19. Be2 Qe8 20. Be3 Qg6 21. Bf3
Bg5 22. Bb6 Rf8 23. Qe2 Nf6 24. h4 Bh6 25. Rd1 Qf7 26. Nh2 g6 27. Kg2 Nd7 28.
Ng4 Bg7 29. Be3 Nf6 30. Nh6+ Bxh6 31. Bxh6 Rd8 32. Rf1 Qd7 33. Qe3 Ne8 34. Bg4
Ng7 35. Qf3 Re8 36. Qf6 1-0

[Event "4NCL/Div1/BRI1 vs. WGR2"]
[Site "Nottingham ENG"]
[Date "2005.01.23"]
[Round "6.1"]
[White "Skytte, Rasmus"]
[Black "Littlewood, Paul E"]
[Result "1/2-1/2"]
[WhiteElo "2392"]
[BlackElo "2368"]
[PlyCount "51"]
[EventDate "2005.01.23"]
[SourceDate "2004.09.21"]

1. e4 e5 2. Nc3 d6 3. Nf3 Nf6 4. d4 exd4 5. Nxd4 Be7 6. g3 O-O 7. Bg2 Re8 8.
O-O Bf8 9. Bg5 h6 10. Bf4 Nbd7 11. Re1 Ne5 12. h3 c6 13. b3 Qc7 14. Qd2 b5 15.
g4 b4 16. Na4 c5 17. Nf5 Bb7 18. Rad1 Rad8 19. g5 Nh5 20. Bh2 hxg5 21. Qxg5 g6
22. f4 f6 23. Qh4 Nf7 24. Ng3 Nxg3 25. Qxg3 Nh8 26. Nb2 1/2-1/2

[Event "4NCL/Div1/BRI1 vs. WGR2"]
[Site "Nottingham ENG"]
[Date "2005.01.23"]
[Round "6.2"]
[White "Levitt, Jonathan P"]
[Black "Cobb, Charles"]
[Result "0-1"]
[WhiteElo "2441"]
[BlackElo "2405"]
[PlyCount "62"]
[EventDate "2005.01.23"]
[SourceDate "2004.09.21"]

1. d4 Nf6 2. c4 c5 3. d5 e6 4. Nc3 exd5 5. cxd5 d6 6. e4 g6 7. f4 Bg7 8. Bb5+
Nbd7 9. e5 dxe5 10. fxe5 Nh5 11. e6 Qh4+ 12. g3 Nxg3 13. hxg3 Qxh1 14. Be3
Bxc3+ 15. bxc3 a6 16. exd7+ Bxd7 17. Bxd7+ Kxd7 18. Qb3 b5 19. O-O-O Rhe8 20.
Bxc5 Qg2 21. a4 Rac8 22. Bd4 Rb8 23. d6 Re6 24. Ba7 Rb7 25. Bc5 Qc6 26. Bb4
bxa4 27. Qc2 Re3 28. Qd2 Qe4 29. Qd4 Qxd4 30. Rxd4 a5 31. Bc5 Rxc3+ 0-1

[Event "4NCL/Div1/BRI1 vs. WGR2"]
[Site "Nottingham ENG"]
[Date "2005.01.23"]
[Round "6.3"]
[White "Buckley, Simon T"]
[Black "Sowray, Peter J"]
[Result "1/2-1/2"]
[WhiteElo "2332"]
[BlackElo "2342"]
[PlyCount "43"]
[EventDate "2005.01.23"]
[SourceDate "2004.09.21"]

1. Nf3 Nf6 2. g3 g6 3. Bg2 Bg7 4. O-O O-O 5. d3 d5 6. a3 c5 7. Nc3 Nc6 8. Rb1
Ne8 9. Bd2 a5 10. a4 e6 11. Nb5 Nd6 12. c3 b6 13. Ne1 Ba6 14. Nxd6 Qxd6 15. Nc2
Rfb8 16. Na3 Rd8 17. Nb5 Qe7 18. Qc2 Rac8 19. Rfd1 h6 20. e4 d4 21. f4 e5 22.
c4 1/2-1/2

[Event "4NCL/Div1/BRI1 vs. WGR2"]
[Site "Nottingham ENG"]
[Date "2005.01.23"]
[Round "6.4"]
[White "Rechel, Bernd"]
[Black "Sherwin, James T"]
[Result "1-0"]
[WhiteElo "2408"]
[BlackElo "2302"]
[PlyCount "79"]
[EventDate "2005.01.23"]
[SourceDate "2004.09.21"]

1. e4 c5 2. Nf3 e6 3. d4 cxd4 4. Nxd4 Nc6 5. Nc3 Qc7 6. Ndb5 Qb8 7. Be3 a6 8.
Bb6 axb5 9. Nxb5 Bb4+ 10. c3 Ba5 11. Nc7+ Qxc7 12. Bxc7 Bxc7 13. Qg4 g6 14. Bb5
Nge7 15. O-O O-O 16. a4 f5 17. Qe2 fxe4 18. Qxe4 d5 19. Qe2 e5 20. b4 Kg7 21.
Bxc6 Nxc6 22. Qb5 Rd8 23. a5 Ne7 24. Rfd1 Ra6 25. Qc5 Bd6 26. Qe3 Bc7 27. b5
Re6 28. Qa7 Rd7 29. c4 d4 30. c5 e4 31. Qa8 Be5 32. a6 bxa6 33. bxa6 d3 34. Ra4
Bd4 35. c6 Rxc6 36. a7 Bb7 37. Qxb7 Rxb7 38. a8=Q Rd7 39. Qe8 Rcd6 40. Ra8 1-0

[Event "4NCL/Div1/BRI1 vs. WGR2"]
[Site "Nottingham ENG"]
[Date "2005.01.23"]
[Round "6.5"]
[White "Beaumont, Chris"]
[Black "Pert, Richard G"]
[Result "0-1"]
[WhiteElo "2329"]
[BlackElo "2417"]
[PlyCount "112"]
[EventDate "2005.01.23"]
[SourceDate "2004.09.21"]

1. d4 Nf6 2. Nf3 d5 3. c4 e6 4. g3 dxc4 5. Bg2 a6 6. O-O Nc6 7. e3 Bd7 8. Nc3
Nd5 9. Qe2 Bb4 10. Bd2 Nb6 11. Rfd1 O-O 12. Ne4 Qe7 13. Bxb4 Nxb4 14. Ne5 Bb5
15. Nc3 f6 16. a4 Nxa4 17. Nxa4 fxe5 18. Nc3 Nd3 19. Bxb7 {(=)} Rxf2 20. Qg4
Raf8 21. Bxa6 Bc6 22. Ne4 h5 23. Qg6 Be8 24. Qg5 Qxg5 25. Nxg5 Bc6 26. e4 Nxb2
27. Nxe6 Bxe4 28. Nxf8 Rg2+ 29. Kf1 Nxd1 30. Rxd1 Kxf8 31. Re1 Bc6 32. Rxe5
Rxh2 33. Bxc4 Rd2 34. Rc5 Be8 35. d5 Rd4 36. Kf2 Ke7 37. Rxc7+ Kd6 38. Rc8 Bd7
39. Rg8 Rxc4 40. Rxg7 Rg4 41. Rh7 Rg5 42. Kf3 Bg4+ 43. Kf2 Rxd5 44. Ra7 Rd2+
45. Ke3 Rg2 46. Kf4 Rf2+ 47. Kg5 Ke5 48. Re7+ Kd4 49. Re1 Rf3 50. Kh4 Kd3 51.
Re8 Re3 52. Rf8 Ke2 53. Ra8 Kf2 54. Ra2+ Re2 55. Ra3 Kg2 56. Rc3 Re4 0-1

[Event "4NCL/Div1/BRI1 vs. WGR2"]
[Site "Nottingham ENG"]
[Date "2005.01.23"]
[Round "6.7"]
[White "Buckley, David E"]
[Black "Tiller, Bjorn"]
[Result "1-0"]
[WhiteElo "2223"]
[BlackElo "2382"]
[PlyCount "101"]
[EventDate "2005.01.23"]
[SourceDate "2004.09.21"]

1. Nf3 g6 2. e4 Bg7 3. d4 d6 4. Nc3 a6 5. a4 b6 6. Bc4 e6 7. O-O Ne7 8. Be3 h6
9. Qd2 Nd7 10. Rfe1 Bb7 11. h3 Kf8 12. Nh2 Kg8 13. Ng4 Qf8 14. Bf4 Kh7 15. h4
h5 16. Nh2 Bxd4 17. Qxd4 e5 18. Qd2 exf4 19. Qxf4 Ne5 20. Bb3 f5 21. Nf3 Nxf3+
22. Qxf3 Re8 23. Qd3 Qf6 24. Qc4 c5 25. Qf7+ Qxf7 26. Bxf7 Rd8 27. exf5 Nxf5
28. Bd5 Rd7 29. Ne4 Kh6 30. Be6 Rg7 31. Bxf5 gxf5 32. Ng5 Rf8 {(=)} 33. Re6+
Rg6 34. Re7 Rg7 35. Rxg7 Kxg7 36. Ne6+ Kf7 37. Nxf8 Kxf8 38. g3 Ke7 39. Re1+
Kf7 40. Re3 Bc6 41. Rb3 b5 42. axb5 axb5 43. c4 b4 44. Re3 Kf6 45. Kf1 d5 46.
cxd5 Bxd5 47. Re8 c4 48. Ke2 Bf7 49. Rb8 b3 50. Ke3 Ke5 51. Rb5+ 1-0

[Event "4NCL/Div1/BRI1 vs. WGR2"]
[Site "Nottingham ENG"]
[Date "2005.01.23"]
[Round "6.8"]
[White "McDonald, Neil"]
[Black "Ashby, Ann-Marie"]
[Result "1-0"]
[WhiteElo "2380"]
[BlackElo "2079"]
[PlyCount "81"]
[EventDate "2005.01.23"]
[SourceDate "2004.09.21"]

1. e4 d5 2. exd5 Nf6 3. Nf3 Nxd5 4. d4 g6 5. Be2 Bg7 6. O-O O-O 7. c4 Nf6 8.
Nc3 c6 9. h3 Qc7 10. Bg5 Bf5 11. Re1 Re8 12. Bf1 Na6 13. Qb3 Rad8 14. c5 Bc8
15. Bc4 e6 16. Ne4 Qe7 17. Qe3 h6 18. Bxf6 Bxf6 19. Nxf6+ Qxf6 20. Bxa6 bxa6
21. Qxh6 Rd5 22. Re4 Rf5 23. Ne5 a5 24. Qe3 Ba6 25. Ng4 Qg7 26. Nh6+ Kf8 27.
Nxf5 gxf5 28. Re5 Bc4 29. Re1 Bd5 30. Rxd5 cxd5 31. c6 Rc8 32. Rc1 Qf6 33. Qa3+
Kg7 34. Qc5 Qg5 35. Rc3 Qd2 36. Qe7 f4 37. Qg5+ Kf8 38. c7 Qxb2 39. Qd8+ Kg7
40. Qxc8 Qxc3 41. Qd8 1-0